[Event "IND-ch Challengers 50th"]
[Site "Tirupati"]
[Date "2012.05.22"]
[Round "7.14"]
[White "Anurag, Mhamal"]
[Black "Dhar, Rajib"]
[Result "1/2-1/2"]
[WhiteElo "2295"]
[BlackElo "2158"]
[PlyCount "56"]
[EventDate "2012.05.18"]
[EventType "swiss"]
[EventRounds "13"]
[EventCountry "IND"]
[SourceTitle "CBM 148 Extra"]
[Source "ChessBase"]
[SourceDate "2012.06.22"]
[SourceVersion "1"]
[SourceVersionDate "2012.06.22"]
[SourceQuality "1"]

1. c4 e5 2. g3 Nc6 3. Bg2 g6 4. Nc3 Bg7 5. e3 d6 6. Nge2 Be6 7. d3 Qd7 8. Nd5 Nd8 9. e4 c6 10. Ne3 Bh3 11. 0-0 Bxg2 12. Kxg2 Ne7 13. f4 f5 14. c5 dxc5 15. fxe5 Bxe5 16. Qb3 fxe4 17. dxe4 Ne6 18. Ng4 Bg7 19. Bh6 0-0-0 20. Rad1 Bd4 21. Ne5 Qd6 22. Nf7 Qd7 23. Nxh8 Rxh8 24. Rf7 Nd8 25. Rf3 Re8 26. Qa4 Nf5 27. Bf4 Rxe4 28. Qxa7 Rxe2+ 1/2-1/2

[Event "Commonwealth-ch"]
[Site "New Delhi"]
[Date "2010.05.15"]
[Round "8"]
[White "Lodhi, Mahmood"]
[Black "Dhar, Rajib"]
[Result "1-0"]
[WhiteElo "2377"]
[BlackElo "2180"]
[PlyCount "87"]
[EventDate "2010.05.10"]
[EventType "swiss"]
[EventRounds "11"]
[EventCountry "IND"]
[SourceTitle "CBM 136 Extra"]
[Source "ChessBase"]
[SourceDate "2010.07.02"]
[SourceVersion "2"]
[SourceVersionDate "2010.07.15"]
[SourceQuality "1"]

1. d4 d5 2. Nf3 Nf6 3. g3 c6 4. Bg2 Bf5 5. 0-0 e6 6. b3 Be7 7. c4 0-0 8. Bb2 Nbd7 9. Nc3 Ne4 10. Nd2 Ndf6 11. Ndxe4 Nxe4 12. Nxe4 dxe4 13. e3 Bg6 14. Qd2 a5 15. a3 Qb6 16. b4 f5 17. c5 Qc7 18. bxa5 Rxa5 19. Bc3 Ra4 20. Rfb1 Rfa8 21. Qb2 R8a7 22. Bf1 Bf7 23. Be2 e5 24. Bd1 exd4 25. Bxd4 R4a5 26. Qc3 Bd5 27. a4 Qd8 28. Rb6 Qf8 29. Rc1 h6 30. Qb4 Qc8 31. Qb2 Kh7 32. Qc3 Qf8 33. h4 h5 34. Rxb7 Rxa4 35. Rxa7 Rxa7 36. Bxh5 Ra4 37. Be2 Qf7 38. Rb1 Ra2 39. Bf1 Bd8 40. Qb4 Ba5 41. Qb8 Qg6 42. Qe5 Bf7 43. Bh3 Be6 44. Rb7 1-0

[Event "Chennai op 2nd"]
[Site "Chennai"]
[Date "2010.01.26"]
[Round "2"]
[White "Dhar, Rajib"]
[Black "Gutov, Andrey"]
[Result "1/2-1/2"]
[WhiteElo "2165"]
[BlackElo "2444"]
[PlyCount "183"]
[EventDate "2010.01.25"]
[EventType "swiss"]
[EventRounds "11"]
[EventCountry "IND"]
[SourceTitle "CBM 134 Extra"]
[Source "ChessBase"]
[SourceDate "2010.03.03"]
[SourceVersion "1"]
[SourceVersionDate "2010.03.03"]
[SourceQuality "1"]

1. e4 e5 2. Bc4 Nf6 3. d3 Nc6 4. Nc3 Bb4 5. a3 Bxc3+ 6. bxc3 d5 7. exd5 Nxd5 8. Ne2 0-0 9. 0-0 b6 10. Bd2 Bb7 11. f4 f5 12. Ba2 Kh8 13. fxe5 Nxe5 14. Nd4 Qd7 15. Qh5 g6 16. Qh4 c5 17. Nf3 Nxf3+ 18. Rxf3 Rad8 19. Bh6 Rf7 20. Bg5 Re8 21. Re1 Rxe1+ 22. Qxe1 Rf8 23. Qe5+ Qg7 24. Qe6 Nxc3 25. Bf4 Rf6 26. Qe8+ Rf8 27. Qe6 Rf6 28. Qe5 Nxa2 29. Bh6 Qf7 30. Bg5 Kg7 31. Rh3 h5 32. Re3 f4 33. Re1 Qf8 34. Bxf6+ Qxf6 35. Qc7+ Kh6 36. Qxb7 Qd4+ 37. Kf1 Nc3 38. Re7 Nd5 39. Rh7+ Kg5 40. Qd7 Qa1+ 41. Kf2 Qd4+ 42. Kf1 Qa1+ 43. Kf2 Qd4+ 44. Kf1 Qa1+ 45. Kf2 Nf6 46. Qe7 Qc3 47. Kf3 Qd4 48. Rf7 Qd5+ 49. Kf2 Qd4+ 50. Ke2 h4 51. Kf3 Qd5+ 52. Kf2 Qd4+ 53. Kf3 c4 54. dxc4 Qc3+ 55. Kf2 Qxc2+ 56. Ke1 Qc1+ 57. Kf2 Qd2+ 58. Kf3 Qd3+ 59. Kf2 Qd4+ 60. Kf3 Qc3+ 61. Kf2 Qa1 62. Rf8 Qb2+ 63. Kf3 Qb3+ 64. Kf2 Qb2+ 65. Kf3 Qc3+ 66. Kf2 Qc2+ 67. Kf3 Qc3+ 68. Kf2 Qb2+ 69. Kf3 Qb3+ 70. Kf2 Qb2+ 71. Kf3 Qc3+ 72. Kf2 Qd2+ 73. Kf3 Qd3+ 74. Kf2 Qd4+ 75. Kf3 Qc3+ 76. Kf2 Qb2+ 77. Kf3 Qb3+ 78. Kf2 Qc2+ 79. Kf3 Qd1+ 80. Kf2 Qd4+ 81. Kf3 Qc3+ 82. Kf2 Qd4+ 83. Kf3 Qc3+ 84. Kf2 h3 85. gxh3 Qd4+ 86. Kf3 Qd3+ 87. Kf2 Qd4+ 88. Kf3 Qc3+ 89. Kf2 Qd4+ 90. Kf3 Qd1+ 91. Kf2 Qd4+ 92. Kf3 1/2-1/2

[Event "Hyderabad op 1st"]
[Site "Hyderabad"]
[Date "2006.02.27"]
[Round "3"]
[White "Gokhale, Chandrashekhar"]
[Black "Dhar, Rajib"]
[Result "1-0"]
[WhiteElo "2368"]
[BlackElo "2120"]
[PlyCount "119"]
[EventDate "2006.02.25"]
[EventType "swiss"]
[EventRounds "10"]
[EventCountry "IND"]
[SourceTitle "CBM 111 Extra"]
[Source "ChessBase"]
[SourceDate "2006.05.09"]
[SourceVersion "1"]
[SourceVersionDate "2006.05.09"]
[SourceQuality "1"]

1. d4 Nf6 2. Nf3 e6 3. Bg5 c5 4. e3 Nc6 5. c3 Be7 6. Nbd2 d6 7. Bd3 0-0 8. 0-0 e5 9. Bxf6 Bxf6 10. dxc5 dxc5 11. Qe2 Ne7 12. Rfd1 Bf5 13. Bxf5 Nxf5 14. Ne4 Qe7 15. Qb5 b6 16. Rd7 Qe6 17. Rad1 a6 18. Qe2 Be7 19. R1d5 Rad8 20. Rxd8 Rxd8 21. Rxd8+ Bxd8 22. Qxa6 Qd5 23. Qa4 Kf8 24. Ned2 Nd6 25. e4 Qd3 26. Qd7 Be7 27. h3 f6 28. Qc7 Nc4 29. Nxc4 Qxc4 30. Qb8+ Kf7 31. Qxe5 Qxa2 32. Qd5+ Qxd5 33. exd5 b5 34. b3 Ke8 35. Kf1 Kd7 36. c4 Kd6 37. cxb5 Kxd5 38. Nd2 Bd6 39. Nc4 Bf4 40. Ke2 Kd4 41. g3 Bb8 42. Kd2 h5 43. Na5 Bc7 44. Nc6+ Ke4 45. Ke2 g5 46. Ne7 Kd4 47. g4 hxg4 48. hxg4 Bf4 49. b6 Bh2 50. b7 Bc7 51. Nc6+ Kc3 52. b8Q Bxb8 53. Nxb8 Kxb3 54. Nc6 c4 55. Nd4+ Kb2 56. Ke3 Kc3 57. f3 Kb2 58. Ke4 Kc3 59. Ke3 Kb2 60. Kd2 1-0